<?xml version="1.0" encoding="UTF-8"?>
<collection xmlns="http://www.loc.gov/MARC21/slim">
  <record>
    <leader>00000nam  2200000   4500</leader>
    <controlfield tag="001">INLIS000000000015911</controlfield>
    <controlfield tag="005">20230929122625</controlfield>
    <datafield tag="035" ind1="#" ind2="#">
      <subfield code="a">0010-0923000152</subfield>
    </datafield>
    <controlfield tag="007">ta</controlfield>
    <controlfield tag="008">230929################|##########|#|##</controlfield>
    <datafield tag="084" ind1="#" ind2="#">
      <subfield code="a">R 125 PIM I 2022</subfield>
    </datafield>
    <datafield tag="100" ind1=" " ind2="#">
      <subfield code="a">Sigit Kusmadjoko</subfield>
    </datafield>
    <datafield tag="245" ind1="1" ind2="#">
      <subfield code="a">Optimalisasi Pengelolaan BMN Menuju Polri Yang Transparan dan Akuntabel (Kasus di Polda Papua Barat) /</subfield>
      <subfield code="c">Sigit Kusmadjoko</subfield>
    </datafield>
    <datafield tag="250" ind1="#" ind2="#">
      <subfield code="a">1</subfield>
    </datafield>
    <datafield tag="260" ind1="#" ind2="#">
      <subfield code="a">Jakarta :</subfield>
      <subfield code="b">Pusbangkom Pimnas dan Manajerial ASN,</subfield>
      <subfield code="c">2022</subfield>
    </datafield>
    <datafield tag="300" ind1="#" ind2="#">
      <subfield code="a">69 halaman :</subfield>
      <subfield code="b">ilus ;</subfield>
      <subfield code="c">30 cm</subfield>
    </datafield>
    <datafield tag="650" ind1="#" ind2="4">
      <subfield code="a">Pengelolaan Barang Milik Negara/Daerah</subfield>
    </datafield>
    <datafield tag="520" ind1="#" ind2="#">
      <subfield code="a">Di era digital saat ini, pemanfaatan teknologi dalam pelayanan publik Kepolisian diharapkan dapat menjawab tuntutan dan permasalahan yang terjadi dalam melakukan penatausahaan Barang Milik Negara yang dikelola oleh Polri. Namun pada kenyataannya belum diterapkan secara optimal di beberapa Polda di Indonesia secara khusus tentang Status Penetapan Pengguna di Polda Papua Barat, yang diakibatkan oleh berbagai faktor salah satunya yaitu kurangnya pemahaman tentang mekanisme pengelolaan yang benar.</subfield>
    </datafield>
    <datafield tag="990" ind1="#" ind2="#">
      <subfield code="a">125</subfield>
    </datafield>
  </record>
</collection>
